header

Belarus (Record no. 244361)

MARC details
000 -LEADER
fixed length control field 01468nam a2200373 a 4500
082 04 - DEWEY DECIMAL CLASSIFICATION NUMBER
Classification number 947.8/084
100 1# - MAIN ENTRY--AUTHOR NAME
Personal name Savchenko, Andrew.
245 10 - TITLE STATEMENT
Title Belarus
260 ## - PUBLICATION, DISTRIBUTION, ETC. (IMPRINT)
Place of publication Leiden [Netherlands] ;
-- Boston :
Name of publisher Brill,
Year of publication 2009.
300 ## - PHYSICAL DESCRIPTION
Number of Pages x, 239 p.
490 1# - SERIES STATEMENT
Series statement Russian history and culture,
856 40 - ELECTRONIC LOCATION AND ACCESS
Uniform Resource Identifier http://site.ebrary.com/lib/rucke/Doc?id=10439110

No items available.

© 2026 Rongo University
Contact us: librarian | system librarian | Rongo university